[Event "Porto Alegre Metropole-ch"]
[Site "Porto Alegre"]
[Date "2018.12.01"]
[Round "2"]
[White "Carvalho, Pedro Tibulo"]
[Black "Barbosa, Rayssa A Ichimura G"]
[Result "1/2-1/2"]
[WhiteElo "1786"]
[BlackElo "1537"]
[PlyCount "98"]
[EventDate "2018.11.30"]
[EventType "swiss"]
[EventRounds "5"]
[EventCountry "BRA"]
[SourceTitle "CBM 187 Extra"]
[Source "ChessBase"]
[SourceDate "2018.11.04"]
[SourceVersion "1"]
[SourceVersionDate "2018.11.04"]
[SourceQuality "1"]

1. e4 d6 2. d4 Nf6 3. Nc3 e5 4. dxe5 dxe5 5. Qxd8+ Kxd8 6. Bg5 Bd6 7. Nd5 Nbd7 8. Nf3 Ke8 9. Nxf6+ Nxf6 10. Bd3 Be6 11. 0-0-0 a5 12. h4 h6 13. Be3 a4 14. a3 Ke7 15. Nd2 Rhb8 16. Rdf1 b5 17. f4 Ng4 18. fxe5 Nxe5 19. Bd4 Nxd3+ 20. cxd3 f6 21. Nf3 Bf4+ 22. Kb1 b4 23. axb4 Bd6 24. Bc5 Bxc5 25. bxc5 a3 26. Rf2 a2+ 27. Ka1 Rb5 28. Nd4 Rxc5 29. Nxe6 Kxe6 30. b4 Rb5 31. Rxa2 Rxa2+ 32. Kxa2 Rxb4 33. Rc1 Kd6 34. Ka3 Rb5 35. d4 c6 36. Rc3 Rb7 37. Rf3 Rb1 38. g4 Rd1 39. e5+ fxe5 40. dxe5+ Kxe5 41. Rf7 g5 42. Rf5+ Ke4 43. hxg5 hxg5 44. Rxg5 Kf4 45. Rg6 Rc1 46. Kb3 c5 47. g5 Kf5 48. Rg8 Rg1 49. Kc4 Rxg5 1/2-1/2

[Event "Porto Alegre Metropole op"]
[Site "Porto Alegre"]
[Date "2018.05.06"]
[Round "5"]
[White "Carvalho, Pedro Tibulo"]
[Black "De Picoli, Vilmade"]
[Result "1-0"]
[WhiteElo "1800"]
[BlackElo "1704"]
[PlyCount "47"]
[EventDate "2018.05.04"]
[EventType "swiss"]
[EventRounds "5"]
[EventCountry "BRA"]
[SourceTitle "CBM 184 Extra"]
[Source "ChessBase"]
[SourceDate "2018.06.28"]
[SourceVersion "1"]
[SourceVersionDate "2018.06.28"]
[SourceQuality "1"]

1. e4 e5 2. Nf3 Nc6 3. Bb5 Nf6 4. 0-0 Bc5 5. Nxe5 Nxe5 6. d4 Qe7 7. dxe5 Qxe5 8. Nc3 0-0 9. Kh1 c6 10. Bc4 a6 11. f4 Qc7 12. Bd2 b5 13. Bd3 d6 14. Qe1 Re8 15. Qh4 Bd4 16. e5 dxe5 17. fxe5 Bxe5 18. Rxf6 g6 19. Raf1 Be6 20. Bxg6 hxg6 21. Ne4 Bxa2 22. Ng5 Kf8 23. Bb4+ Re7 24. Qh8# 1-0

[Event "Porto Alegre Metropole op"]
[Site "Porto Alegre"]
[Date "2018.05.04"]
[Round "1"]
[White "Carvalho, Pedro Tibulo"]
[Black "Pedroso, Denian"]
[Result "0-1"]
[WhiteElo "1800"]
[BlackElo "1858"]
[PlyCount "112"]
[EventDate "2018.05.04"]
[EventType "swiss"]
[EventRounds "5"]
[EventCountry "BRA"]
[SourceTitle "CBM 184 Extra"]
[Source "ChessBase"]
[SourceDate "2018.06.28"]
[SourceVersion "1"]
[SourceVersionDate "2018.06.28"]
[SourceQuality "1"]

1. e4 c5 2. Nf3 Nc6 3. c4 e6 4. d4 cxd4 5. Nxd4 Nf6 6. Nc3 Bb4 7. Nxc6 bxc6 8. e5 Ne4 9. Qf3 Nxc3 10. bxc3 Qa5 11. cxb4 Qxe5+ 12. Be2 Qxa1 13. 0-0 Qf6 14. Qg3 0-0 15. Bg5 Qg6 16. Bd3 f5 17. Qe3 a5 18. Be7 Re8 19. Bd6 axb4 20. Qb6 Ra3 21. Bb1 Qf6 22. Qxb4 Ra6 23. c5 Ra8 24. Re1 Ba6 25. a4 e5 26. Ba2+ Kh8 27. Qb6 Bd3 28. a5 e4 29. Qc7 Qd8 30. Qb6 Qxb6 31. cxb6 Rxa5 32. Bf7 Rd8 33. b7 Rb5 34. Bc7 Rf8 35. b8Q Rfxb8 36. Bxb8 Rxb8 37. Ba2 Rb2 38. Ra1 g6 39. f3 e3 40. Re1 Rxa2 41. Rxe3 Bb5 42. Re8+ Kg7 43. Re7+ Kh6 44. Rxd7 f4 45. h3 c5 46. Rd5 Rc2 47. h4 Be2 48. Kh2 Bxf3 49. Rg5 c4 50. Kh3 Bxg2+ 51. Kg4 f3 52. h5 f2 53. hxg6 f1Q 54. Rh5+ Kxg6 55. Re5 Qf3+ 56. Kh4 Qh3# 0-1